书目信息 |
| 题名: |
电动单元组合仪表
|
|
| 作者: | 汪健民 , 宋家霖 编 | |
| 分册: | ||
| 出版信息: | 北京 化学工业出版社 1987.05 |
|
| 页数: | 252页 | |
| 开本: | 32开 | |
| 丛书名: | ||
| 单 册: | ||
| 中图分类: | TH862 | |
| 科图分类: | ||
| 主题词: | 工业仪表:自动化仪表 | |
| 电子资源: | ||
| ISBN: | 7-5025-0431-1 | |
| 000 | 00608nam0 2200205 45 | |
| 001 | 0011211898 | |
| 005 | 20001121183219.0 | |
| 010 | @a7-5025-0431-1@d17.30元 | |
| 100 | @a20001121d1987 km y0chiy0120 ea | |
| 101 | 0 | @achi |
| 105 | @a z 000yy | |
| 200 | 1 | @a电动单元组合仪表@ADian Dong Dan Yuan Zu He Yi Biao@f汪健民,宋家霖编@FWang Jian Min,Song Jia Lin Bian |
| 210 | @a北京@c化学工业出版社@d1987.05 | |
| 215 | @a252页@d32开 | |
| 606 | 0 | @a工业仪表:自动化仪表 |
| 690 | @aTH862@v3 | |
| 701 | 0 | @a汪健民@4编 |
| 701 | 0 | @a宋家霖@4编 |
| 801 | @aCN@bPftUser@c20001121 | |
| 905 | @b419252-254@dTH862@eW529@f3 | |
| 电动单元组合仪表/汪健民,宋家霖编.-北京:化学工业出版社,1987.05 |
| 252页;32开 |
| ISBN 7-5025-0431-1:17.30元 |
| ● |
| 相关链接 |
|
|
|
正题名:电动单元组合仪表
索取号:TH862/W529
 
预约/预借
| 序号 | 登录号 | 条形码 | 馆藏地/架位号 | 状态 | 备注 |
| 1 | 419252 | 204192523 | 自科库501/501自科库 135排5列3层/ [索取号:TH862/W529] | 在馆 | |
| 2 | 419253 | 204192532 | 期刊室512/501自科库 135排5列3层/ [索取号:TH862/W529] | 在馆 | |
| 3 | 419254 | 204192541 | 自科库501/501自科库 135排5列3层/ [索取号:TH862/W529] | 在馆 |